000 00550nam a2200217Ia 4500
005 20250508164720.0
008 008 250505s9999 xx 000 0 hin d
020 _a5-03-001328-8
037 _aTextual
040 _aFEDL
_beng
_cFEDL
041 _ahin
_2eng
084 _a510, VYG
_qFEDL
100 _aVygodsky M Y
_9778957
245 0 _aSaral ganit nirdeshika
260 _aMoscow
_bMir Prakashan
_c1987
300 _a475p.
365 _aINR
_b40
546 _aMACESE
942 _cTEXL
_h510, VYG
999 _c1390719
_d1390719